<?xml version="1.0" encoding="UTF-8"?>
<record
    xmlns:xsi="http://www.w3.org/2001/XMLSchema-instance"
    xsi:schemaLocation="http://www.loc.gov/MARC21/slim http://www.loc.gov/standards/marcxml/schema/MARC21slim.xsd"
    xmlns="http://www.loc.gov/MARC21/slim">

  <leader>00853nam a2200217Ia 4500</leader>
  <datafield tag="999" ind1=" " ind2=" ">
    <subfield code="c">37476</subfield>
    <subfield code="d">37476</subfield>
  </datafield>
  <controlfield tag="001">3437</controlfield>
  <controlfield tag="003">GE_BSU</controlfield>
  <controlfield tag="005">20221028122227.0</controlfield>
  <controlfield tag="008">181216s1989ru  xx |||||||||||||| ||rus||</controlfield>
  <datafield tag="040" ind1=" " ind2=" ">
    <subfield code="c">GE_BSU</subfield>
  </datafield>
  <datafield tag="041" ind1=" " ind2=" ">
    <subfield code="a">rus</subfield>
  </datafield>
  <datafield tag="080" ind1=" " ind2=" ">
    <subfield code="a">634.32(479.223)  &#x414;-40</subfield>
  </datafield>
  <datafield tag="100" ind1=" " ind2=" ">
    <subfield code="a">&#x414;&#x436;&#x430;&#x431;&#x43D;&#x438;&#x434;&#x437;&#x435;, &#x420;&#x435;&#x437;&#x43E;.</subfield>
    <subfield code="9">15626</subfield>
  </datafield>
  <datafield tag="245" ind1=" " ind2=" ">
    <subfield code="a">&#x410;&#x433;&#x440;&#x43E;&#x442;&#x435;&#x445;&#x43D;&#x438;&#x43A;&#x430; &#x43C;&#x430;&#x442;&#x43E;&#x447;&#x43D;&#x44B;&#x445; &#x434;&#x435;&#x440;&#x435;&#x432;&#x44C;&#x435;&#x432; &#x43C;&#x430;&#x43D;&#x434;&#x430;&#x440;&#x438;&#x43D;&#x43E;&#x432; /</subfield>
    <subfield code="c">&#x420;&#x435;&#x437;&#x43E;  &#x414;&#x436;&#x430;&#x431;&#x43D;&#x438;&#x434;&#x437;&#x435;,  &#x420;&#x435;&#x434;. &#x42D;. &#x41D;&#x438;&#x43A;&#x43E;&#x43B;&#x430;&#x434;&#x437;&#x435;.</subfield>
  </datafield>
  <datafield tag="264" ind1=" " ind2=" ">
    <subfield code="a">&#x411;&#x430;&#x442;&#x443;&#x43C;&#x438; :</subfield>
    <subfield code="b">&#x410;&#x434;&#x436;&#x430;&#x440;&#x430;, </subfield>
    <subfield code="c">1989.</subfield>
  </datafield>
  <datafield tag="300" ind1=" " ind2=" ">
    <subfield code="a">139 &#x441;. :</subfield>
    <subfield code="b">19 &#x441;&#x43C;.</subfield>
  </datafield>
  <datafield tag="653" ind1=" " ind2=" ">
    <subfield code="a">&#x410;&#x433;&#x440;&#x43E;&#x442;&#x435;&#x445;&#x43D;&#x438;&#x43A;&#x430; &#x43C;&#x430;&#x442;&#x43E;&#x447;&#x43D;&#x44B;&#x445; &#x434;&#x435;&#x440;&#x435;&#x432;&#x44C;&#x435;&#x432; &#x43C;&#x430;&#x43D;&#x434;&#x430;&#x440;&#x438;&#x43D;&#x43E;&#x432;.</subfield>
  </datafield>
  <datafield tag="653" ind1=" " ind2=" ">
    <subfield code="a">&#x10DB;&#x10D0;&#x10DC;&#x10D3;&#x10D0;&#x10E0;&#x10D8;&#x10DC;&#x10D8;&#x10E1; &#x10EE;&#x10D4;&#x10D4;&#x10D1;&#x10D8;&#x10E1; &#x10D0;&#x10D2;&#x10E0;&#x10DD;&#x10E2;&#x10D4;&#x10E5;&#x10DC;&#x10D8;&#x10D9;&#x10D0;.</subfield>
  </datafield>
  <datafield tag="700" ind1=" " ind2=" ">
    <subfield code="a">&#x41D;&#x438;&#x43A;&#x43E;&#x43B;&#x430;&#x434;&#x437;&#x435;, &#x42D;</subfield>
    <subfield code="e">&#x10E0;&#x10D4;&#x10D3;&#x10D0;&#x10E5;&#x10E2;&#x10DD;&#x10E0;&#x10D8;</subfield>
    <subfield code="9">15627</subfield>
  </datafield>
  <datafield tag="942" ind1=" " ind2=" ">
    <subfield code="c">BK</subfield>
    <subfield code="2">udc</subfield>
  </datafield>
  <datafield tag="952" ind1=" " ind2=" ">
    <subfield code="0">0</subfield>
    <subfield code="1">0</subfield>
    <subfield code="2">udc</subfield>
    <subfield code="4">0</subfield>
    <subfield code="6">63432479223_&#x414;40</subfield>
    <subfield code="7">0</subfield>
    <subfield code="9">37618</subfield>
    <subfield code="a">CPL</subfield>
    <subfield code="b">CPL</subfield>
    <subfield code="c">GEN</subfield>
    <subfield code="d">2018-12-17</subfield>
    <subfield code="o">634.32(479.223)  &#x414;-40</subfield>
    <subfield code="p">4930</subfield>
    <subfield code="r">2018-12-17</subfield>
    <subfield code="t">4930</subfield>
    <subfield code="w">2018-12-17</subfield>
    <subfield code="y">BK</subfield>
  </datafield>
  <datafield tag="952" ind1=" " ind2=" ">
    <subfield code="0">0</subfield>
    <subfield code="1">0</subfield>
    <subfield code="2">udc</subfield>
    <subfield code="4">0</subfield>
    <subfield code="6">63432479223_&#x414;40</subfield>
    <subfield code="7">0</subfield>
    <subfield code="9">37619</subfield>
    <subfield code="a">CPL</subfield>
    <subfield code="b">CPL</subfield>
    <subfield code="c">GEN</subfield>
    <subfield code="d">2018-12-17</subfield>
    <subfield code="o">634.32(479.223)  &#x414;-40</subfield>
    <subfield code="p">4931</subfield>
    <subfield code="r">2018-12-17</subfield>
    <subfield code="t">4931</subfield>
    <subfield code="w">2018-12-17</subfield>
    <subfield code="y">BK</subfield>
  </datafield>
  <datafield tag="952" ind1=" " ind2=" ">
    <subfield code="0">0</subfield>
    <subfield code="1">0</subfield>
    <subfield code="2">udc</subfield>
    <subfield code="4">0</subfield>
    <subfield code="6">63432479223_&#x414;40</subfield>
    <subfield code="7">0</subfield>
    <subfield code="9">37620</subfield>
    <subfield code="a">CPL</subfield>
    <subfield code="b">CPL</subfield>
    <subfield code="c">GEN</subfield>
    <subfield code="d">2018-12-17</subfield>
    <subfield code="o">634.32(479.223)  &#x414;-40</subfield>
    <subfield code="p">4932</subfield>
    <subfield code="r">2018-12-17</subfield>
    <subfield code="t">4932</subfield>
    <subfield code="w">2018-12-17</subfield>
    <subfield code="y">BK</subfield>
  </datafield>
  <datafield tag="952" ind1=" " ind2=" ">
    <subfield code="0">0</subfield>
    <subfield code="1">0</subfield>
    <subfield code="2">udc</subfield>
    <subfield code="4">0</subfield>
    <subfield code="6">63432479223_&#x414;40</subfield>
    <subfield code="7">0</subfield>
    <subfield code="9">37621</subfield>
    <subfield code="a">CPL</subfield>
    <subfield code="b">CPL</subfield>
    <subfield code="c">GEN</subfield>
    <subfield code="d">2018-12-17</subfield>
    <subfield code="o">634.32(479.223)  &#x414;-40</subfield>
    <subfield code="p">4933</subfield>
    <subfield code="r">2018-12-17</subfield>
    <subfield code="t">4933</subfield>
    <subfield code="w">2018-12-17</subfield>
    <subfield code="y">BK</subfield>
  </datafield>
  <datafield tag="952" ind1=" " ind2=" ">
    <subfield code="0">0</subfield>
    <subfield code="1">0</subfield>
    <subfield code="2">udc</subfield>
    <subfield code="4">0</subfield>
    <subfield code="6">63432479223_&#x414;40</subfield>
    <subfield code="7">0</subfield>
    <subfield code="9">37622</subfield>
    <subfield code="a">CPL</subfield>
    <subfield code="b">CPL</subfield>
    <subfield code="c">GEN</subfield>
    <subfield code="d">2018-12-17</subfield>
    <subfield code="o">634.32(479.223)  &#x414;-40</subfield>
    <subfield code="p">4934</subfield>
    <subfield code="r">2018-12-17</subfield>
    <subfield code="t">4934</subfield>
    <subfield code="w">2018-12-17</subfield>
    <subfield code="y">BK</subfield>
  </datafield>
  <datafield tag="952" ind1=" " ind2=" ">
    <subfield code="0">0</subfield>
    <subfield code="1">0</subfield>
    <subfield code="2">udc</subfield>
    <subfield code="4">0</subfield>
    <subfield code="6">63432479223_&#x414;40</subfield>
    <subfield code="7">0</subfield>
    <subfield code="9">37623</subfield>
    <subfield code="a">CPL</subfield>
    <subfield code="b">CPL</subfield>
    <subfield code="c">GEN</subfield>
    <subfield code="d">2018-12-17</subfield>
    <subfield code="o">634.32(479.223)  &#x414;-40</subfield>
    <subfield code="p">4935</subfield>
    <subfield code="r">2018-12-17</subfield>
    <subfield code="t">4935</subfield>
    <subfield code="w">2018-12-17</subfield>
    <subfield code="y">BK</subfield>
  </datafield>
  <datafield tag="952" ind1=" " ind2=" ">
    <subfield code="0">0</subfield>
    <subfield code="1">0</subfield>
    <subfield code="2">udc</subfield>
    <subfield code="4">0</subfield>
    <subfield code="6">63432479223_&#x414;40</subfield>
    <subfield code="7">0</subfield>
    <subfield code="9">37624</subfield>
    <subfield code="a">CPL</subfield>
    <subfield code="b">CPL</subfield>
    <subfield code="c">GEN</subfield>
    <subfield code="d">2018-12-17</subfield>
    <subfield code="o">634.32(479.223)  &#x414;-40</subfield>
    <subfield code="p">4936</subfield>
    <subfield code="r">2018-12-17</subfield>
    <subfield code="t">4936</subfield>
    <subfield code="w">2018-12-17</subfield>
    <subfield code="y">BK</subfield>
  </datafield>
</record>
